000 00673nam a2200217 i 4500
001 bg
100 1 _aŁUKANISZYN, Marian
245 1 0 _aZbiór zadań z maszyn elektrycznych dla studentów studiów zaocznych.
260 _aOpole :
_bOficyna Wydawnicza. PO,
_c2000.
300 _a97 s. :
_brys., wykr. ;
_c24 cm.
490 1 _aSkrypt / Politechnika Opolska,
_x1427-9932 ;
_vnr 226
504 _aBibliogr. s. 97.
650 9 _aMaszyny elektryczne
655 _aPodręczniki akademickie
830 0 _aSkrypt (Politechnika Opolska) ;
_vnr 226
040 _cBPK
041 0 _apl
080 _a621.313(075.8)
942 _cKS
008 s pl f |000 0 pol
999 _c37955
_d37955
856 _uhttp://koha.tu.koszalin.pl/cgi-bin/koha/opac-detail.pl?biblionumber=37955
_yKatalog online BPK